000 00299 a2200097 4500
000 nam a22 7a 4500
020 _a9789211129182
100 _aUnited Nations Conference on Trade and Development (UNCTAD)
245 _aTransnational Corporation : volume 24 number 2
260 _bUnited Nations
_c2017
999 _c84818
_d84818